000 00533nam a2200133Ia 4500
001 3110
008 241024s9999 xx 000 0 und d
082 _aRD/370.97293/R426a/4/2012
100 _aRepública Dominicana.Ministerio de Educación,MINERD. Consejo Nacional de Educación.CNE
245 0 _aActa de sesiòn ordinaria 4ta. del 12 de octubre del 2012. Asunto : Plan de Alfabetización y anteproyecto de presupuesto 2013
260 _bSanto Domingo, República Dominicana
_c2012
901 _a5/8/2013 11:43:23 a.m.
999 _c9109
_d9109